000 01061nam a22002777a 4500
003 dpl
005 20180912131034.0
008 180912b xxu||||| |||| 00| 0 eng d
010 _aB-071583
020 _c300.00
_a8179020045
035 _aB-071583, B-071587
037 _bCen Lib/Ret
040 _aDPL
_bHN
_c0
082 _a
_bमित्तल
100 _aमित्तल, महेन्द्र
_965352
245 _aखिलौना गाड़ी /
_cमहेंद्र मित्तल
246 _aKhilona gadi /
_bby Mahendra Mittal
260 _a दिल्ली
_bसावित्री प्रकाशन
_c2002
270 _b दिल्ली
_a1376, कश्मीरी गेट
_e110006
300 _a303पृ.
_c19सेमी (सजिल्द)
650 _aहिंदी साहित्य
_965353
650 _aहिंदी उपन्यास
_965354
650 _aHindi literature
_965355
650 _aHindi fiction
_927248
942 _2ddc
_cHN
_h
_mमित्तल
999 _c116208
_d116208